Kanye West Albums - Statistics

General Stats
  • This quiz has been taken 407 times
  • The average score is 8 of 9
Answer Stats
Year Album % Correct
2018 Ye
99%
2007 Graduation
98%
2004 The College Dropout
96%
2005 Late Registration
95%
2013 Yeezus
94%
2008 808s & Heartbreak
92%
2010 My Beautiful Dark Twisted Fantasy
92%
2016 The Life of Pablo
91%
2011 Watch The Throne
81%
No matching quizzes found
Score Distribution
Percent of People with Each Score
Percentile by Number Answered
Your Score History
You have not taken this quiz